00319nam a2200133Ia 4500100003200000650002100032366000700053654002100060245002900081260003300110082001700143300000800160546001700168 aJayaraman/S/ Esakkirajan/S  aimage processing f25 aimage processing aDigital Image Processing bTata Mc Graw hill Ltd.c2009 a621.367bJAY a723 aENGLISHcTTL